countries that recongnize both Israel and Palestine - sudden death - Statistics

General Stats
  • This quiz has been taken 39 times
  • The average score is 4 of 11
Answers on the Grid
Answers color-coded by a green-red scale on the quiz's grid according to % correct below.
France
Cuba
Russia
Egypt
China
Venezuela
Sudan
Mexico
Switzerland
Vaitican city
Sweden
Indonesia
Iran
Japan
India
Canada
Turkey
Germany
Poland
South Africa
 
Answer Stats
Answer % Correct
Russia
68%
Egypt
52%
South Africa
40%
China
36%
India
32%
Mexico
32%
Sweden
32%
Turkey
32%
Vaitican city
32%
Sudan
28%
Poland
20%
No matching quizzes found
Score Distribution
Percent of People with Each Score
Percentile by Number Answered
Your Score History
You have not taken this quiz